01400nam a2200409 i 450000100060000000300090000600500170001500800410003202000150007304000360008804100080012408000150013208000130014708000120016010000390017224500790021125000230029026000670031330000350038033600270041533700540044233800280049638000160052438000280054038800140056838800140058250000750059650400490067165000230072065000210074365100110076465500130077565800250078870000400081371000390085385600980089238138KOSZ 00520191104101010.0001010s2000 pl a g |000 0 pol d a8387846147 cKOSZ 005aKOSZ 005dKOSZ 005/HR0 apol a502.5(438) a719(438) a(083.1)1 aPawlaczyk, Pawełd(1966- )eAutor10aPoradnik lokalnej ochrony przyrody /cPaweł Pawlaczyk, Andrzej Jermaczek. aWyd. 3 zm. i uzup. aŚwiebodzin :bWydaw. Lubuskiego Klubu Przyrodników,c2000. a244 s. :bmapy, rys. ;c24 cm. 2rdacontentaTekstbtxt 2rdamediaaBez urządzenia pośredniczącegobn 2rdacarrieraWoluminbnc aKsiążki aPoradniki i przewodniki a1901-2000 a1989-2000 aProjekt WWF [World Wide Fund for Nature] "Zielona Wstęga Odra-Nysa". aBibliogr. s. 263-276 i przy rozdz. - Indeks. 7aOchrona krajobrazu 7aOchrona przyrody 7aPolska 7aPoradnik aOchrona środowiska1 aJermaczek, Andrzejd(1957- )eAutor2 aKlub Przyrodników (Świebodzin) uhttp://koha.tu.koszalin.pl/cgi-bin/koha/opac-detail.pl?biblionumber=38738yKatalog online BPK